|
|
|
|
| LEADER |
01083nam a22003132a 4500 |
| 001 |
000423018 |
| 003 |
CZ BrMZK |
| 005 |
20210427144622.0 |
| 007 |
ta |
| 008 |
020426s1972 xr f |||| 0 cze d |
| 015 |
|
|
|a cnb000438100
|
| 020 |
|
|
|q (brož.) :
|c Kčs 20,00
|
| 035 |
|
|
|a (OCoLC)8992530
|
| 040 |
|
|
|a ABA001
|b cze
|c OSA001
|d ABA001
|d BOA001
|
| 041 |
0 |
|
|a cze
|b ger
|
| 080 |
9 |
|
|a 325.3(437.274-31)(091)"-/14"
|
| 100 |
1 |
|
|a Zuber, Rudolf,
|d 1912-1995
|7 jk01152832
|4 aut
|
| 245 |
1 |
0 |
|a Osídlení Jesenicka do počátku 15. století /
|c Rudolf Zuber
|
| 250 |
|
|
|a 1. vyd.
|
| 260 |
|
|
|a Opava :
|b Matice slezská,
|c 1972
|
| 300 |
|
|
|a 162 s. ;
|c 8°
|
| 500 |
|
|
|a 1500 výt.
|
| 504 |
|
|
|a Obsahuje bibliografii, bibliografické odkazy a rejstříky
|
| 546 |
|
|
|a Německé resumé
|
| 910 |
|
|
|a BOA001
|b 2-0689.516
|
| 990 |
|
|
|a BK
|
| 991 |
|
|
|b 202102
|
| 996 |
7 |
|
|b 2619790136
|c 2-0689.516
|l Sklad H1
|r Sklad / do 24 hodin
|n 30
|h HS212
|w 000423018
|u 000010
|a 1
|e BOA001
|j MZK50
|s A
|
| 996 |
6 |
|
|b 2619790140
|c 2-0689.516
|l Sklad H1
|r Sklad / do 24 hodin
|n 17
|h HS212
|w 000423018
|u 000020
|a 1
|e BOA001
|j MZK50
|s P
|